| 000 | 00481nam a22001697a 4500 | ||
|---|---|---|---|
| 005 | 20251108172319.0 | ||
| 008 | 250721s1986 xx 000 0 ara d | ||
| 082 | 1 | 4 | _a323.4/محم |
| 100 | 1 | _aمجذوب، محمد سعيد | |
| 245 | 1 | 0 | _aالحريات العامة حقوق الإنسان / |
| 264 | 1 |
_aبيروت : _bجروس برس، _c1986. |
|
| 300 | _a232ص | ||
| 650 | 1 | 7 | _aالحرية |
| 650 | 1 | 7 | _aالحقوق المدنية |
| 942 |
_2ddc _cBK |
||
| 999 |
_c75935 _d75935 |
||